000 01218nam a2200301 a 4500
001 BRCA_3419
005 20190320204255.0
041 _aeng
044 _aenk
084 _a708
_b.W376
_c1931
100 1 _aCervantes Saavedra, Miguel de
_d1547-1616
_9213
245 1 0 _aAdventures of Don Quixote de la Mancha
_cTranslated from the Spanish of Miguel de Cervantes Saavedra by Motteux.
260 _aLondres : Nueva York
_bFrederick Warne and Co.
_c1931?
300 _a1 v. en 2 partes (xxxvi, 567 p.)
_bil.
_c22 cm.
500 _aContenido : Primera parte. Vida de Cervantes. Segunda parte
500 _aEjemplar por completo igual al anterior [707]. Tela Lúdovik Osterc
500 _aEstado físico : En la guarda versos de A. Dobson escritos a mano
500 _aQM1430
546 _aTexto en : inglés
650 1 4 _aNovela española
_yÉpoca clásica, 1500-1700
_9215
650 1 4 _aLiteratura española
_yÉpoca clásica, 1500-1700
_9216
650 1 4 _aNovela española
_ySiglo XVII
_9217
650 1 4 _aDon Quijote (Personaje ficticio)
_eNovela
_9218
700 1 _aMotteux, Peter Anthony
_d1663-1718
_eTraductor
_98972
740 0 _aEl Ingenioso Hidalgo Don Quijote de la Mancha
902 _aQFM
942 _2lcc
_cB
999 _c3155
_d3155